<?xml version="1.0" encoding="UTF-8"?>
<record
    xmlns:xsi="http://www.w3.org/2001/XMLSchema-instance"
    xsi:schemaLocation="http://www.loc.gov/MARC21/slim http://www.loc.gov/standards/marcxml/schema/MARC21slim.xsd"
    xmlns="http://www.loc.gov/MARC21/slim">

  <leader>     nam a22     7a 4500</leader>
  <datafield tag="999" ind1=" " ind2=" ">
    <subfield code="c">49299</subfield>
    <subfield code="d">49299</subfield>
  </datafield>
  <controlfield tag="003">OSt</controlfield>
  <controlfield tag="005">20191118122804.0</controlfield>
  <controlfield tag="008">191118b        xxu||||| |||| 00| 0 eng d</controlfield>
  <datafield tag="040" ind1=" " ind2=" ">
    <subfield code="c">SERO SOFT</subfield>
  </datafield>
  <datafield tag="100" ind1=" " ind2=" ">
    <subfield code="a">KAPOOR, S.K</subfield>
  </datafield>
  <datafield tag="245" ind1=" " ind2=" ">
    <subfield code="a">MANAV ADHIKAR EV ANTERASTIYA VIDHI</subfield>
  </datafield>
  <datafield tag="260" ind1=" " ind2=" ">
    <subfield code="a">ALLAHABAD</subfield>
    <subfield code="b">CLA</subfield>
  </datafield>
  <datafield tag="300" ind1=" " ind2=" ">
    <subfield code="a">990</subfield>
  </datafield>
  <datafield tag="942" ind1=" " ind2=" ">
    <subfield code="2">ddc</subfield>
    <subfield code="c">02</subfield>
  </datafield>
  <datafield tag="952" ind1=" " ind2=" ">
    <subfield code="0">0</subfield>
    <subfield code="1">0</subfield>
    <subfield code="2">ddc</subfield>
    <subfield code="4">0</subfield>
    <subfield code="7">0</subfield>
    <subfield code="a">04</subfield>
    <subfield code="b">04</subfield>
    <subfield code="d">2019-11-18</subfield>
    <subfield code="f">WESTERN LA</subfield>
    <subfield code="g">680.00</subfield>
    <subfield code="i">00001579/19, 7/11/19</subfield>
    <subfield code="l">7</subfield>
    <subfield code="p">04-B-7415</subfield>
    <subfield code="r">2025-03-03</subfield>
    <subfield code="s">2025-02-17</subfield>
    <subfield code="w">2019-11-18</subfield>
    <subfield code="y">02</subfield>
  </datafield>
  <datafield tag="952" ind1=" " ind2=" ">
    <subfield code="0">0</subfield>
    <subfield code="1">0</subfield>
    <subfield code="2">ddc</subfield>
    <subfield code="4">0</subfield>
    <subfield code="7">0</subfield>
    <subfield code="a">04</subfield>
    <subfield code="b">04</subfield>
    <subfield code="d">2019-11-18</subfield>
    <subfield code="f">WESTERN LA</subfield>
    <subfield code="g">680.00</subfield>
    <subfield code="i">00001579/19, 7/11/19</subfield>
    <subfield code="l">3</subfield>
    <subfield code="p">04-B-7416</subfield>
    <subfield code="r">2024-06-25</subfield>
    <subfield code="s">2024-02-26</subfield>
    <subfield code="w">2019-11-18</subfield>
    <subfield code="y">02</subfield>
  </datafield>
  <datafield tag="952" ind1=" " ind2=" ">
    <subfield code="0">0</subfield>
    <subfield code="1">0</subfield>
    <subfield code="2">ddc</subfield>
    <subfield code="4">0</subfield>
    <subfield code="7">0</subfield>
    <subfield code="a">04</subfield>
    <subfield code="b">04</subfield>
    <subfield code="d">2019-11-18</subfield>
    <subfield code="f">WESTERN LA</subfield>
    <subfield code="g">680.00</subfield>
    <subfield code="i">00001579/19, 7/11/19</subfield>
    <subfield code="l">3</subfield>
    <subfield code="p">04-B-7417</subfield>
    <subfield code="r">2025-07-07</subfield>
    <subfield code="s">2025-05-23</subfield>
    <subfield code="w">2019-11-18</subfield>
    <subfield code="y">02</subfield>
  </datafield>
  <datafield tag="952" ind1=" " ind2=" ">
    <subfield code="0">0</subfield>
    <subfield code="1">0</subfield>
    <subfield code="2">ddc</subfield>
    <subfield code="4">0</subfield>
    <subfield code="7">0</subfield>
    <subfield code="a">04</subfield>
    <subfield code="b">04</subfield>
    <subfield code="d">2019-11-18</subfield>
    <subfield code="f">WESTERN LA</subfield>
    <subfield code="g">680.00</subfield>
    <subfield code="i">00001579/19, 7/11/19</subfield>
    <subfield code="l">7</subfield>
    <subfield code="p">04-B-7418</subfield>
    <subfield code="r">2025-07-05</subfield>
    <subfield code="s">2023-03-27</subfield>
    <subfield code="w">2019-11-18</subfield>
    <subfield code="y">02</subfield>
  </datafield>
  <datafield tag="952" ind1=" " ind2=" ">
    <subfield code="0">0</subfield>
    <subfield code="1">0</subfield>
    <subfield code="2">ddc</subfield>
    <subfield code="4">0</subfield>
    <subfield code="7">0</subfield>
    <subfield code="a">04</subfield>
    <subfield code="b">04</subfield>
    <subfield code="d">2019-11-18</subfield>
    <subfield code="f">WESTERN LA</subfield>
    <subfield code="g">680.00</subfield>
    <subfield code="i">00001579/19, 7/11/19</subfield>
    <subfield code="l">8</subfield>
    <subfield code="p">04-B-7419</subfield>
    <subfield code="r">2024-06-28</subfield>
    <subfield code="s">2024-02-15</subfield>
    <subfield code="w">2019-11-18</subfield>
    <subfield code="y">02</subfield>
  </datafield>
</record>
